Replenish the earth; (Record no. 16297)

000 -LEADER
fixed length control field 00446cam a2200169 4500
020 ## - INTERNATIONAL STANDARD BOOK NUMBER
ISBN 053400203X
040 ## - CATALOGING SOURCE
Transcribing agency DLC
082 00 - DEWEY DECIMAL CLASSIFICATION NUMBER
Classification number 301 WAD 1972 A089 Or.
100 1# - MAIN ENTRY--AUTHOR NAME
Personal name Miller, G. Tyler
245 10 - TITLE STATEMENT
Title Replenish the earth;
Remainder of title a primer in human ecology
260 ## - PUBLICATION, DISTRIBUTION, ETC. (IMPRINT)
Place of publication Belmont, Calif.,
Name of publisher Wadsworth Pub. Co.
Year of publication [1972]
300 ## - PHYSICAL DESCRIPTION
Number of Pages ix, 199 p.
Other physical details illus.
Dimensions 22 cm.
650 #0 - SUBJECT ADDED ENTRY--TOPICAL TERM
Topical Term Human ecology.
650 #0 - SUBJECT ADDED ENTRY--TOPICAL TERM
Topical Term Pollution.
650 #0 - SUBJECT ADDED ENTRY--TOPICAL TERM
Topical Term Population.
942 ## - ADDED ENTRY ELEMENTS (KOHA)
Koha item type សៀវភៅភាសាអង់គ្លេស
952 ## - LOCATION AND ITEM INFORMATION (KOHA)
Withdrawn status [LOCAL, KOHA] 0
Holdings
Permanent Location Date acquired Koha item type Lost status Shelving location Barcode Current Location Full call number
Library Block A2018-02-02សៀវភៅភាសាអង់គ្លេស A089A26182Library Block A301 WAD 1972 A089 Or.
មជ្ឈមណ្ឌលឯការនៃសាកលវិទ្យាល័យភូមិន្ទកសិកម្មចំការដូង

Powered by Koha